Normal view
MARC view
- المحاكم - قوانين وتشريعات - الاردن - قانون مدني - الاردن
Entry Topical Term
001 - CONTROL NUMBER
- control field: 46384
003 - CONTROL NUMBER IDENTIFIER
- control field: JO-AjAnu
005 - DATE AND TIME OF LATEST TRANSACTION
- control field: 20230606081651.0
008 - FIXED-LENGTH DATA ELEMENTS
- fixed length control field: 230606|| aca||aabn | a|a d
040 ## - CATALOGING SOURCE
- Original cataloging agency: JO-AjAnu
- Transcribing agency: JO-AjAnu
150 ## - HEADING--TOPICAL TERM
- Topical term or geographic name entry element: المحاكم - قوانين وتشريعات - الاردن - قانون مدني - الاردن
670 ## - SOURCE DATA FOUND
- Source citation: Work cat.: (JO-AjAnu)23741: مدغمش، جمال, author 46383, مجموعة إجتهادات الهيئة العامة لمحكمة التمييز الأردنية في القضايا الحقوقية: المجموعة الكاملة لإجتهادات الهيئة العامة الصادرة في العقد الأخير مبوبة ومفهرسة بصورة مرجعية